Clifford's hiccups / (Record no. 4063)

MARC details
000 -LEADER
fixed length control field 01232cam a2200361 a 4500
001 - CONTROL NUMBER
control field 4063
003 - CONTROL NUMBER IDENTIFIER
control field FISKH
005 - DATE AND TIME OF LATEST TRANSACTION
control field 20240605082710.0
008 - FIXED-LENGTH DATA ELEMENTS--GENERAL INFORMATION
fixed length control field 010706s2001 nyua b 000 1 eng
010 ## - LIBRARY OF CONGRESS CONTROL NUMBER
LC control number 2001049057
020 ## - INTERNATIONAL STANDARD BOOK NUMBER
International Standard Book Number 043928337X
020 ## - INTERNATIONAL STANDARD BOOK NUMBER
International Standard Book Number 9780439283373
040 ## - CATALOGING SOURCE
Original cataloging agency DLC
Transcribing agency DLC
Modifying agency DLC
Language of cataloging eng
042 ## - AUTHENTICATION CODE
Authentication code lcac
050 00 - LIBRARY OF CONGRESS CALL NUMBER
Classification number PZ7.W539
Item number Cl 2001
082 00 - DEWEY DECIMAL CLASSIFICATION NUMBER
Classification number PZ7.W539
100 1# - MAIN ENTRY--PERSONAL NAME
Personal name Weyn, Suzanne.
245 10 - TITLE STATEMENT
Title Clifford's hiccups /
Statement of responsibility, etc. adapted by Suzanne Weyn ; illustrated by Carolyn Bracken and Sandrina Kurtz.
260 ## - PUBLICATION, DISTRIBUTION, ETC.
Place of publication, distribution, etc. New York :
Name of publisher, distributor, etc. Scholastic,
Date of publication, distribution, etc. 2001.
300 ## - PHYSICAL DESCRIPTION
Extent 24 unnumbered pages :
Other physical details color illustrations ;
Dimensions 21 cm
500 ## - GENERAL NOTE
General note "From the television script 'Clifford's hiccups' by Baz Hawkins; based on the Scholastic book series 'Clifford the big red dog' by Norman Bridwell."
505 ## - FORMATTED CONTENTS NOTE
Formatted contents note G<br/>
520 ## - SUMMARY, ETC.
Summary, etc. When Clifford develops the hiccups, his friends try to find a cure.
521 8# - TARGET AUDIENCE NOTE
Target audience note 380<br/>
Source Lexile<br/>
521 8# - TARGET AUDIENCE NOTE
Target audience note G<br/>
Source Raz-Plus<br/>
650 #1 - SUBJECT ADDED ENTRY--TOPICAL TERM
Topical term or geographic name entry element Dogs
Form subdivision Fiction.
650 #1 - SUBJECT ADDED ENTRY--TOPICAL TERM
Topical term or geographic name entry element Hiccups
Form subdivision Fiction.
700 1# - ADDED ENTRY--PERSONAL NAME
Personal name Bracken, Carolyn,
Relator term illustrator
700 1# - ADDED ENTRY--PERSONAL NAME
Personal name Kurtz, Sandrina,
Relator term illustrator
906 ## - LOCAL DATA ELEMENT F, LDF (RLIN)
a 7
b cbc
c orignew
d 1
e ocip
f 20
g y-gencatlg
942 ## - ADDED ENTRY ELEMENTS (KOHA)
Source of classification or shelving scheme Dewey Decimal Classification
Koha item type Books
Suppress in OPAC No
Holdings
Withdrawn status Lost status Source of classification or shelving scheme Damaged status Not for loan Collection Home library Current library Shelving location Date acquired Total Checkouts Full call number Barcode Date last seen Price effective from Koha item type
    Dewey Decimal Classification     Juvenile Fiction Footprints International School Library Network Toul Kork Campus Footprints International School Library Network Toul Kork Campus TK Primary Library Room(4th Floor), Bookcase 1&2, Shelves 1-16, Dark Blue Books 06/05/2024   WEY 479 PZ7.W539 2024-0795 06/05/2024 06/05/2024 Books